| 000 | 00774nam a2200193 i 4500 | ||
|---|---|---|---|
| 001 | 26914 | ||
| 003 | ES-MaACL | ||
| 007 | t| | ||
| 008 | 030113s1934 sp ||||1| spa d | ||
| 100 | 1 |
_aAschoff, Ludwig. _923546 |
|
| 245 | 1 | 0 |
_aTratado de Anatomía patológica / _cpublicado bajo la dirección de Ludwig Aschoff ; traducción de la septima edición alemana por Julio G. Sánchez Lucas. |
| 260 |
_aBarcelona : _bLabor, _c1934. |
||
| 300 |
_av. ; _c25 cm. |
||
| 505 | 8 | _aContiene: T. I: Etiologia general. Anatomía patológica general. -- T. II: Anatomía patológica especial | |
| 700 | 1 |
_aSánchez-Lucas, Julio G. _9102737 |
|
| 740 | 0 | _aEtiología general. Anatomía patológica general. | |
| 740 | 0 | _aAnatomía patológica especial. | |
| 852 |
_aES-MaACL _jE-1711-12 |
||
| 999 |
_c26914 _d26914 |
||